| 000 | 00486nam a22001817a 4500 | ||
|---|---|---|---|
| 003 | CEME | ||
| 005 | 20210628203841.0 | ||
| 008 | 210305b xxu||||| |||| 00| 0 eng d | ||
| 020 | _a0-471-55448-0 | ||
| 040 | _c. | ||
| 082 | _a681.2 FIB,U | ||
| 100 |
_aUdd, Erie _967562 |
||
| 245 | _aFiber optic smart structures | ||
| 260 |
_aNEW YORK _bJOHN WILEY _c1995 |
||
| 300 | _aXII,671 P | ||
| 650 |
_aCOMPOSITE MATERIALS SMART STRUCTURES FIBER OPTICS DETECTORS _967563 |
||
| 942 |
_cBK _2ddc |
||
| 999 |
_c575309 _d575309 |
||